书目信息 |
| 题名: |
DNA指令
|
|
| 作者: | 程石 编著 | |
| 分册: | ||
| 出版信息: | 北京 现代出版社 2021.1 |
|
| 页数: | 127页 | |
| 开本: | 24cm | |
| 丛书名: | ||
| 单 册: | ||
| 中图分类: | Q523 | |
| 科图分类: | ||
| 主题词: | 脱氧核糖核酸--普及读物 | |
| 电子资源: | ||
| ISBN: | 978-7-5143-2116-6 | |
| 000 | 00769nam0 2200241 45 | |
| 001 | 012001001211 | |
| 005 | 20140913101821.0 | |
| 010 | @a978-7-5143-2116-6@dCNY29.80 | |
| 100 | @a20141020d2014 em y0chiy50 ea | |
| 101 | 0 | @achi |
| 102 | @aCN@b110000 | |
| 105 | @aa z 000yy | |
| 106 | @ar | |
| 200 | 1 | @aDNA指令@ADNA zhi ling@b专著@f程石编著 |
| 210 | @a北京@c现代出版社@d2021.1 | |
| 215 | @a127页@c图,照片@d24cm | |
| 300 | @a科学·奥妙无穷 | |
| 330 | @a本书内容包括:DNA是什么、DNA的发展历史、DNA的延续性——遗传、DNA与家族遗传、DNA克隆技术、DNA的片段——基因、DNA与生活习惯、DNA与营养学等。 | |
| 606 | 0 | @a脱氧核糖核酸@j普及读物 |
| 690 | @aQ523@v5 | |
| 701 | 0 | @a程石@Acheng shi@4编著 |
| 801 | 0 | @aCN@bBJSDL@c20211011 |
| 905 | @b1333478-81@dQ523@e319@f4 | |
| DNA指令/程石编著.-北京:现代出版社,2021.1 |
| 127页:图,照片;24cm |
| 科学·奥妙无穷 |
| ISBN 978-7-5143-2116-6:CNY29.80 |
| 本书内容包括:DNA是什么、DNA的发展历史、DNA的延续性——遗传、DNA与家族遗传、DNA克隆技术、DNA的片段——基因、DNA与生活习惯、DNA与营养学等。 |
| ● |
| 相关链接 |
|
|
|
|
正题名:DNA指令
索取号:Q523/319
 
预约/预借
| 序号 | 登录号 | 条形码 | 馆藏地/架位号 | 状态 | 备注 |
| 1 | 1333478 | 213334783 | 第二样本阅览室/ [索取号:Q523/319] | 在馆 | |
| 2 | 1333479 | 213334792 | 第三借阅区/ [索取号:Q523/319] | 在馆 | |
| 3 | 1333480 | 213334809 | 第三借阅区/ [索取号:Q523/319] | 在馆 | |
| 4 | 1333481 | 213334818 | 第三借阅区/ [索取号:Q523/319] | 在馆 |